Nuclear non-proliferation diplomacy : (Record no. 67650)
[ view plain ]
| 000 -LEADER | |
|---|---|
| fixed length control field | 00780nam a2200241 a 4500 |
| 001 - CONTROL NUMBER | |
| control field | 67650 |
| 003 - CONTROL NUMBER IDENTIFIER | |
| rucl marc code | BD-RjUL |
| 005 - DATE AND TIME OF LATEST TRANSACTION | |
| control field | 20211209081659.0 |
| 008 - FIXED-LENGTH DATA ELEMENTS--GENERAL INFORMATION | |
| fixed length control field | 170328s1993 ii b 001 0 eng |
| 020 ## - INTERNATIONAL STANDARD BOOK NUMBER | |
| International Standard Book Number | 8170950368 : |
| Terms of availability | Rs380.00 |
| 035 ## - SYSTEM CONTROL NUMBER | |
| System control number | (BD-RjUL)67859 |
| 040 ## - CATALOGING SOURCE | |
| Original cataloging agency | DLC |
| Transcribing agency | DLC |
| Modifying agency | DLC |
| Language of cataloging | eng |
| 041 ## - LANGUAGE CODE | |
| Language code of text/sound track or separate title | eng |
| 082 00 - DEWEY DECIMAL CLASSIFICATION NUMBER | |
| Classification number | 327.2 |
| Edition number | 23 |
| Author mark and year | KAP 1993 |
| 100 1# - MAIN ENTRY--PERSONAL NAME | |
| Personal name | Kapur, K. D. |
| 9 (RLIN) | 200577 |
| 245 10 - TITLE STATEMENT | |
| Title | Nuclear non-proliferation diplomacy : |
| Remainder of title | nuclear power programmes in the Third World / |
| Statement of responsibility, etc. | K.D. Kapur. |
| 260 ## - PUBLICATION, DISTRIBUTION, ETC. (IMPRINT) | |
| Place of publication, distribution, etc. | India : |
| Name of publisher, distributor, etc. | Lancers Books, |
| Date of publication, distribution, etc. | 1993. |
| 300 ## - PHYSICAL DESCRIPTION | |
| Pagination | xv, 394 p. : |
| Illustrations | ill. ; |
| Size | 23 cm. |
| 504 ## - BIBLIOGRAPHY, ETC. NOTE | |
| Bibliography, etc | Includes bibliographical references and index. |
| 650 #0 - SUBJECT ADDED ENTRY--TOPICAL TERM | |
| Topical term or geographic name as entry element | Nuclear nonproliferation. |
| 9 (RLIN) | 129274 |
| Topical term or geographic name as entry element | Nuclear industry |
| Geographic subdivision | Developing countries. |
| 9 (RLIN) | 200578 |
| 942 ## - ADDED ENTRY ELEMENTS (KOHA) | |
| Source of classification or shelving scheme | Dewey Decimal Classification |
| Koha item type | Books |
| Lost status | Source of classification or shelving scheme | Damaged status | Not for loan | Collection code | Permanent Location | Current Location | Shelving location | Date acquired | Cost, normal purchase price | Total Checkouts | Full call number | Date last seen | Copy number | Koha item type |
|---|---|---|---|---|---|---|---|---|---|---|---|---|---|---|
| Dewey Decimal Classification | Not For Loan | Non-fiction | Central Library, University of Rajshahi | Central Library, University of Rajshahi | Reading Room | 14/01/1995 | 570.00 | 327.22 KAP 1993 | 28/03/2017 | C-1 | Books |